| 000 | 00396pam a2200145 a 4500 | ||
|---|---|---|---|
| 020 | _a0070490139 (acidfree paper) | ||
| 040 | _cDLC | ||
| 082 | 0 | 0 | _a320 MCG 1996 A013 Or. |
| 100 | 1 | _aPatterson, Thomas E. | |
| 245 | 1 | 4 | _aThe American democracy / |
| 250 | _a3rd ed. | ||
| 260 |
_aNew York : _bMcGraw-Hill, _cc1996. |
||
| 300 |
_a1 v. (various pagings) : _bill. (some col.) ; _c27 cm. |
||
| 942 | _cEK | ||
| 999 |
_c13236 _d13236 |
||